000
00188nam a22000857a 4500
999
_c
16288
_d
16288
003
OSt
008
200721b ||||| |||| 00| 0 eng d
245
_a
Soil manures and fertilizers
942
_c
BK